[Event "MK Cafe Cup-A"]
[Site "Koszalin"]
[Date "1999.08.03"]
[Round "1"]
[White "Socko, Monika"]
[Black "Ibragimov, Ildar"]
[Result "1-0"]
[WhiteElo "2438"]
[BlackElo "2554"]
[Annotator "Atlas,V"]
[PlyCount "69"]
[EventDate "1999.08.03"]
[EventType "swiss"]
[EventRounds "9"]
[EventCountry "POL"]
[SourceTitle "CBM 073"]
[Source "ChessBase"]
[SourceDate "1999.12.01"]
[SourceVersion "1"]
[SourceVersionDate "1999.12.01"]
[SourceQuality "1"]

1. d4 Nf6 2. c4 e6 3. Nf3 b6 4. a3 Bb7 5. Nc3 d5 6. cxd5 Nxd5 7. Qc2 c5 {
This line has a shaky reputation and the present game corroborates such a view.
} (7... Be7 8. e4 Nxc3 9. bxc3 Nd7 10. Bd3 c5 11. O-O cxd4 12. cxd4 Rc8 13. Qe2
O-O 14. Bb2 $14 {Dautov}) 8. e4 Nxc3 9. bxc3 Be7 10. Bb5+ Bc6 11. Bd3 Nd7 12.
O-O O-O ({Kasparov,G-Gheorghiu,F/Moskva (izt) 1982 saw} 12... h6 13. Rd1 Qc7
14. d5 exd5 15. exd5 Bxd5 16. Bb5 a6 17. Bf4 Qxf4 18. Bxd7+ Kxd7 19. Rxd5+ Kc7
20. Re1 Bd6 21. Rf5 Qc4 22. Re4 Qb5 23. Rxf7+ Kb8 24. Re6 Rd8 25. c4 Qc6 26.
Ne5 Qc8 27. Qb1 {and Black gave up.}) (12... Rc8 $2 13. Ba6 Ra8 (13... O-O 14.
Bxc8 Qxc8 15. Re1 cxd4 16. cxd4 Nf6 17. Bg5 {1-0 Jusupov-Campos/Luzern Ol 1982
(17)}) 14. Rd1 $16) (12... Qc7 13. Rd1 $1 $14) 13. Rd1 (13. d5 {is another
promising continuation:} exd5 14. exd5 Bxd5 15. Bxh7+ Kh8 16. Be4 Bxe4 17. Qxe4
Bf6 (17... Nf6 18. Qh4+ Nh7 19. Qc4 Bd6 20. Be3 $14 {Olesen-Bisguier/Dearborn/
1992}) 18. Rd1 Re8 19. Qf5 Re7 20. Ng5 $14 {Schuessler-Unzicker/BL 8687.})
13... g6 (13... cxd4 14. cxd4 Rc8 15. Qe2 $14 {1/2-1/2 Minzer,C-Anelli,A/
Buenos Aires PRENAJ 1993 (25)}) 14. d5 exd5 15. exd5 Bb7 (15... Bxd5 16. Bxg6
$14 (16. Bb5 $143 Nf6 (16... Be6 17. Qa4) 17. Bh6 Qc7 18. Bxf8 Bxf3 $44)) 16.
Bb5 Bf6 17. Bh6 Re8 (17... Bg7 18. Bxg7 Kxg7 19. Bc6 Qc7 20. Bxb7 Qxb7 21. c4)
18. Qa4 Re7 19. Ng5 (19. d6 Re4 {leads nowhere}) 19... Nf8 $6 (19... a6 {
was probably a better try:} 20. d6 (20. Bc6 b5 21. Qg4 Qc7 (21... Ne5 $5 22.
Qf4 Bh8 23. Bxb7 Rxb7 24. Ne4 Qb6) 22. d6 Qxc6 23. dxe7 Ne5 $44) 20... Re5 $1 (
20... axb5 21. dxe7 bxa4 22. exd8=Q+ Rxd8 23. Rab1 $16) 21. Bxd7 (21. Nxf7 $2
axb5 22. Qb3 c4) 21... Bxg5 22. f4 b5 23. Bxb5 Bxh6 24. fxe5 Be3+ 25. Kh1 axb5
26. Qxb5 Rb8 $13) 20. d6 Re5 21. f4 $1 $16 Rd5 22. Bc4 Rxg5 (22... Bxc3 23.
Rxd5 (23. Nxf7 Qf6 24. Bxd5 Bxd5 25. Rxd5 Bxa1 26. Ng5 (26. Ne5 Qh4 27. Qd1
Qxh6 28. Qxa1 Qxf4) 26... Bd4+ 27. Kh1 Qxf4 28. Qc4 Kh8 29. d7 (29. Rxc5 Qf2
$11) 29... Qf2 30. Qc1 Rd8 31. Bxf8 Qxf8 32. Ne6 $16) 23... Bxd5 24. Bxd5 Bxa1
25. Nxf7 $16) (22... Rxd1+ 23. Rxd1 Bxg5 24. Bxg5 Qd7 25. Qxd7 Nxd7 26. Re1 $18
) 23. fxg5 Bxg5 24. Bxf7+ $1 $18 Kh8 (24... Kxf7 25. Rf1+ Bf6 26. Rxf6+ $18)
25. Bxg5 Qxg5 26. Qc2 Nd7 27. Qd2 Qf6 28. Bd5 Bxd5 29. Qxd5 Rb8 30. Rac1 Ne5
31. h3 Kg7 32. Re1 Nf7 33. Re7 Qf5 34. Qd2 Kg8 35. Rf1 1-0

[Event "RUS-chT 06th"]
[Site "St Petersburg"]
[Date "1999.05.18"]
[Round "3"]
[White "Ionov, Sergey"]
[Black "Shaposhnikov, Evgeny"]
[Result "1-0"]
[WhiteElo "2551"]
[BlackElo "2474"]
[Annotator "Atlas,V"]
[PlyCount "93"]
[EventDate "1999.05.16"]
[EventType "team-tourn"]
[EventRounds "9"]
[EventCountry "RUS"]
[SourceTitle "EXT 2020"]
[Source "ChessBase"]
[SourceDate "2019.10.17"]
[SourceVersion "1"]
[SourceVersionDate "2019.10.17"]
[SourceQuality "1"]
[WhiteTeam "Sankt Petersburg Lentransgaz"]
[BlackTeam "Murmansk OShK"]
[WhiteTeamCountry "RUS"]
[BlackTeamCountry "RUS"]

1. d4 {Hecht} Nf6 2. c4 e6 3. Nf3 b6 4. Nc3 Bb7 5. a3 d5 6. cxd5 exd5 7. g3 Bd6
8. Bg5 O-O 9. Bh3 (9. Nh4 $143 h6 $5 (9... Re8 10. Bg2 {Tatai-Sanna, Italien 
(ch) 1981.}) 10. Bxf6 Qxf6 11. Bg2 g5 $1 12. Nf3 Nd7 $11 {Ivanov}) (9. Ne5 $5
h6 10. Bxf6 Qxf6 11. f4 {1-0 Tseitlin,M-Rozentalis,E/Podolsk 1989/EXT 97 (50)})
9... h6 $6 {The text, suggested long ago as an alternative to 9...Be7, does
not allow Black to equalize, as the present game convincingly shows.} (9... Be7
10. O-O c5 11. Qc2 (11. Rc1 $142 Nbd7 $140 12. dxc5 bxc5 13. Na4 $1) 11... Ne4
$1 12. Bxe7 Qxe7 13. e3 Nd7 {Vaganian,R-Ivanov,A/USSR 1982/Inf 34 0-1 (42),
and Vaganian,R-Zagorski/Yaroslav 1982/EXT 99 0-1 (42)}) 10. Bxf6 Qxf6 11. O-O
Qd8 {A sad necessity. How else can black hope to complete development?} (11...
c6 12. e4 {also leads to the position favourable for White.}) 12. Qb3 c6 13. e4
$1 dxe4 14. Nxe4 Bc7 15. Rad1 Qd5 (15... Nd7 {does not solve Black's problems
in view of} 16. Ne5 Nxe5 17. dxe5 Qe7 18. Nd6 $16) 16. Qxd5 cxd5 17. Nc3 Rd8
18. Nb5 Bd6 19. Nxd6 Rxd6 20. Rc1 Nc6 {Finally the knight enters the game, but
now White enjoys pressure along lines c und e and against the pawn at d5, to
which Black has very little to oppose.} (20... Na6 21. b4) 21. Rfe1 Kf8 22. b4
a6 23. Ne5 Rad8 24. Bg2 {White's pieces are placed optimally, and Black faces
now a difficult choice.} Nxe5 {This move offers little resistance.} (24... Nxd4
$6 25. Rc7 Bc6 26. Rxf7+ Kg8 27. Re7) (24... f6 25. Nxc6 Rxc6 (25... Bxc6) 26.
Rxc6 Bxc6 27. Re6 $140 Rc8) (24... Re6 $5 25. Nxc6 Rxe1+ 26. Rxe1 Bxc6 27. f4 {
[%csl Rd5]}) 25. dxe5 {[%mdl 4112]} Rc6 26. f4 Ke7 27. Rxc6 Bxc6 {Hecht: '[#]
Thema: Eindringen des Turms über die c-Linie, Vorrücken der Bauernmajorität
mit Einengung des schwarzen Königs, Taktik '} 28. Rc1 Be8 $6 (28... Kd7 29. Kf2
$16 (29. Kf2 {Hecht} f6 $5 (29... Kc7 $2 30. Ke3 Kb7 31. Kd4 $16) 30. e6+ Kd6
31. f5 Re8 $13)) 29. Rc7+ Kf8 30. Kf2 $18 a5 {This attempt to show activity
costs Black a pawn. But he cannot tolerate further advancement of White's king.
} (30... d4 31. Ke2) 31. bxa5 bxa5 32. Rc5 {[%cal Yg2d5,Yc5d5,Yc5a5]} Rb8 33.
Bxd5 Rb2+ 34. Ke3 a4 (34... Rxh2 {Hecht} 35. Rxa5 Rc2 36. Ra8 Ke7 37. f5 Bd7
38. Ra7 $18) 35. h4 g6 36. Rc8 Ke7 37. Rc7+ Kf8 (37... Kd8 38. Ra7) 38. Rc8 Ke7
39. Rc7+ Kf8 40. g4 Rh2 41. Rc8 Ke7 42. f5 gxf5 43. gxf5 Rh3+ (43... Kd7 44.
Ra8 Rh3+ 45. Kd4 $1) (43... Bd7 {Hecht} 44. f6#) 44. Kd4 $1 Rxh4+ 45. Kc5 Rh5
46. f6+ Kd7 (46... Kf8 {Hecht} 47. Kd6 Rh2 48. Bc6 Rd2+ 49. Kc7 $18) 47. Ra8 {
'!' Hecht.} (47. Ra8 Rxe5 48. Ra7+ Kc8 49. Kd6 $18) 1-0

[Event "NED-ch54"]
[Site "Rotterdam "]
[Date "1999.05.30"]
[Round "2"]
[White "Piket, Jeroen"]
[Black "Van den Doel, Erik"]
[Result "1/2-1/2"]
[WhiteElo "2619"]
[BlackElo "2535"]
[Annotator "Atlas,V"]
[PlyCount "65"]
[EventDate "1999.05.29"]
[EventType "tourn"]
[EventRounds "11"]
[EventCountry "NED"]
[EventCategory "12"]
[SourceTitle "CBM 072"]
[Source "ChessBase"]
[SourceDate "1999.10.01"]
[SourceVersion "1"]
[SourceVersionDate "1999.10.01"]
[SourceQuality "1"]

1. d4 Nf6 2. c4 e6 3. Nf3 b6 4. a3 Bb7 5. Nc3 d5 6. Bg5 Be7 7. e3 O-O 8. Rc1
Nbd7 9. cxd5 exd5 10. Bd3 c5 11. dxc5 (11. Bf5 g6 12. Bh3 Ba6 13. Qa4 cxd4 14.
Qxa6 dxc3 {0-1 Olafsson,F-Parma,B/Reykjavik 1975/Inf 20 (25)}) 11... Nxc5 {
Black concedes the central square and allows an isolated pawn counting on the
activity of his minor pieces.} (11... bxc5 {led to White's advantage} 12. O-O
Ne4 13. Bxe7 Qxe7 14. Qe2 Rab8 15. Rfd1 Rfd8 16. Nb5 Ng5 17. Nxg5 Qxg5 18. Qf3
c4 $6 19. Qf5 Qh6 20. Bf1 Nc5 21. Nd4 {xd5, c4, Bb7 in Kuzmin,G-Belinkov,A/URS
1968/MCD 1-0 (39)}) 12. O-O Nfe4 13. Bxe7 Qxe7 14. Nb5 (14. b4 Nxc3 15. Rxc3
Ne4 16. Rb3 (16. Rc1 a5) 16... Rac8 $132) 14... Nxd3 15. Qxd3 Nc5 16. Qc2 (16.
Qf5 g6) (16. Qd1 Ba6 17. Nfd4 Qd7 18. a4 Rac8 {would not be much better, since
after} 19. Re1 Ne6 20. Qg4 Rxc1 21. Rxc1 Bxb5 {the position similar to the one
which has occured in the game arises.}) 16... Ba6 17. Nfd4 Qd7 18. a4 Rfc8 19.
Rfd1 {[%csl Rd5][%cal Gd1d5,Gc2f5]} Ne6 20. Qf5 Rxc1 21. Rxc1 Bxb5 22. Nxb5 Rd8
(22... Rc8 $2 23. Rxc8+ Qxc8 24. Qxf7+ $16) (22... Nc5 $6 23. Qxd7 Nxd7 24. Rc7
a6 25. Nd6) (22... g6 23. Qe5 a6 24. Nc3 $14) 23. Nd4 Rc8 {The most convincing
continuation.} ({Also} 23... h6 {seems to suffice: after} 24. Nxe6 (24. Nc6 Nc5
) 24... Qxe6 (24... fxe6 25. Qe5 Qd6 26. Qxd6 Rxd6 27. Rc7 d4 $11) 25. Qxe6
fxe6 26. Rc7 {is not dangerous in view of} d4) 24. Rxc8+ Qxc8 25. g3 Qc1+ 26.
Kg2 Nxd4 27. exd4 Qc6 (27... Qc4 28. b3) (27... g6 28. Qxd5 Qxb2 29. Qd7 Qc2
$14) 28. Qe5 g6 29. Qb8+ Kg7 30. Qxa7 Qe6 31. Kf1 Qc6 {Avoiding the pawn
endgame which White could force if Black immediately plays 31...Qf6.} (31...
Qf6 32. Qc7 Qxd4 33. Qc3 Qxc3 34. bxc3 Kf6 35. Ke2 Ke5 36. Ke3 f6 37. f4+ Kd6
38. Kd4 f5 39. c4 dxc4 40. Kxc4 Kc6 41. Kb4 Kc7 42. Kb5 Kb7 $11) 32. b3 Qf6 33.
a5 1/2-1/2

[Event "Sarajevo Bosnia 29th"]
[Site "Sarajevo"]
[Date "1999.05.18"]
[Round "2"]
[White "Sokolov, Ivan"]
[Black "Timman, Jan H"]
[Result "1-0"]
[WhiteElo "2624"]
[BlackElo "2670"]
[Annotator "Atlas,V"]
[PlyCount "95"]
[EventDate "1999.05.17"]
[EventType "tourn"]
[EventRounds "9"]
[EventCountry "BIH"]
[EventCategory "19"]
[SourceTitle "CBM 071"]
[Source "ChessBase"]
[SourceDate "1999.08.01"]
[SourceVersion "1"]
[SourceVersionDate "1999.08.01"]
[SourceQuality "1"]

1. d4 {Hecht} Nf6 2. c4 e6 3. Nf3 b6 4. Nc3 Bb7 5. a3 d5 6. Bg5 Be7 7. e3 O-O
8. Rc1 c5 {Black may postpone this advancement, for instance:} (8... h6 9. Bh4
Nbd7 10. Bd3 c5 11. O-O cxd4 12. exd4 dxc4 13. Bxc4 Rc8 14. Bd3 Nh5 15. Bg3
Nxg3 16. hxg3 Nf6 $11 {Andersson-Karpov/World-SSSR/1984}) (8... dxc4 $6 9. Bxc4
Nbd7 10. O-O c5 11. Qe2 Ne4 12. Bxe7 Qxe7 13. Nxe4 Bxe4 14. dxc5 (14. Bb5 $143
Rad8 15. Rfd1 cxd4 16. Nxd4 Nb8 $1 $11 {->Andersson-Miles/Biel-A/1990}) 14...
Nxc5 15. b4 Nd7 16. Ba6 $16 {Piket,J-Almasi,Z/Wijk aan Zee (open) 1995/Inf 62})
(8... Ne4 9. Bxe7 Qxe7 10. cxd5 exd5 11. Nxe4 dxe4 12. Nd2 Rc8 13. Be2 Nd7 14.
O-O c5 15. dxc5 Nxc5 16. Nb3 Rd8 17. Qc2 Nd3 18. Rcd1 Rac8 {0-1 Evans,
L-Reshevsky,S/USA 1970/Inf 09 (47)}) 9. cxd5 cxd4 (9... Nxd5 10. Bxe7 Qxe7 11.
Nxd5 Bxd5 12. dxc5 $14) 10. Bxf6 (10. Qxd4 Nxd5 $11) (10. d6 dxc3 11. dxe7 Qxe7
12. Rxc3 Nbd7 13. Rc7 Bxf3 14. gxf3 Qd8 15. Rc2 Rc8 16. Rd2 $6 Rc5 $1 $15 {
0-1 Miles,A-Rozentalis,E/Groningen 1992 (40)}) 10... Bxf6 11. Nxd4 Bxd5 12.
Nxd5 Qxd5 13. Be2 Bxd4 $5 (13... e5 14. Nb5 Qxd1+ 15. Rxd1 Na6 (15... Nc6 16.
Bf3 Rac8 17. Rd6) 16. b4 $1 {[%csl Ra6]} e4 17. O-O Be5 18. Rd7 Rfc8 19. Rfd1
f5 20. Nd6 Rc7 21. Nxf5 Rxd7 22. Rxd7 Nc7 23. Ne7+ {1-0 Ivkov-Schneider L/
Malta Ol 1980 (23)}) 14. exd4 (14. Qxd4 $2 Qxg2) 14... Qa5+ (14... e5 15. dxe5
(15. O-O $143 e4) 15... Qxe5 16. O-O $32 Nd7 $140 $2 17. Re1 Rad8 18. Bg4 $16)
15. Qd2 {A control over the open file and the strong bishop guarantees White a
lasting edge in the ensuing endgame.} Qxd2+ 16. Kxd2 {[%mdl 6144]} Nd7 17. Rc7
Nf6 18. Bf3 Rad8 19. Ke3 Rfe8 20. Rxa7 e5 21. Rc1 $1 (21. dxe5 Rxe5+ 22. Kf4
Rb5 23. b4 g5+ 24. Kg3 Rd3 (24... h5 25. h4) 25. h3 Ne4+ $140 $2 26. Kh2 Nxf2
27. Be2 Nxh1 28. Bxd3 Rd5 29. Bc4 $18) 21... g5 (21... exd4+ 22. Kd3) 22. Bc6
exd4+ 23. Kd3 Re6 (23... Rf8 24. Rb7 Ng4 25. Rxb6 Nxf2+ 26. Kd2 $16) 24. Ra8
Rxa8 25. Bxa8 {Hecht: '[#]'} Ng4 (25... Rd6 26. Rc6) 26. Kxd4 Nxf2 27. Bf3 {
[%csl Rf2] Each White's piece is placed better than his counterpart, and the
b6-pawn is weak. However, Black is capable of preventing the immediate
creation of White's passed pawn at the Q-side, and the outcome still remains
open.} g4 {The only move.} 28. Bd5 Re2 29. Rc7 {[%csl Rf7,Rg8][%cal Gd5g8,
Gc7h7]} Rxb2 30. Bxf7+ (30. Rxf7 $2 Rd2+ $11) 30... Kf8 31. Be6 h5 32. Bf5 Rb5
(32... h4 33. Rc2 $6 Rxc2 34. Bxc2 Ke7 35. Ke3 (35. Kd5 Kd7 36. Bf5+ Kc7) 35...
g3 36. hxg3 hxg3 37. Kf4 Nh1 38. Ke5 Kd7 $11) (32... g3 33. hxg3 Nh1 34. g4
hxg4 35. Bxg4 Rxg2 36. Bf3 Rd2+ 37. Ke3 Rh2 38. Rc6 b5 39. Rb6 $16) 33. Bg6 g3
34. hxg3 Nh1 35. Rf7+ {Pushing Black's king further back from the centre and
preparing the rook exchange.} Kg8 36. Rf5 Rxf5 37. Bxf5 Nxg3 38. Bd3 {[%csl
Ye2,Ye4,Yf1,Yf5,Rg3] Once more time White's bishop maintains to keep Black's
knight out of play.} Kf7 39. Kd5 {[%csl Rb6]} h4 40. Kc6 Nh5 41. Kxb6 Nf4 42.
Be4 Ne2 43. Kc5 Ke6 44. Bc6 Nc3 45. Kd4 Nd1 {Hecht: '[#] Das Finale eines
Endspiels, das eingangs zusätzlich mit je einem Turm bestritten wurde,
beinhaltet einen originellen Springerfang. Dominanz des langschrittigen
Läufers über den kurzatmigen Springer! '} 46. Bf3 Nb2 {Hecht: 'Begibt sich der
Springer ins Gefängnis h1, so machen die weißen Bauern das Rennen.'} (46... Nf2
{Hecht} 47. Ke3 Nh1 48. g4 $1 Ng3 49. a4 Kd6 50. a5 Kc5 51. Kf4 Nf1 52. g5 $18)
47. Kc3 Na4+ 48. Kb4 (48. Kb4 Nb6 (48... Nb2 49. a4 (49. Be2 $18) 49... Nd3+
50. Kb5) 49. Kb5 Nd7 (49... Nc8 {Hecht} 50. Bg4+ $18) 50. Bg4+ Kd6 51. Bxd7
Kxd7 52. Kb6 Kc8 53. Kc6 Kb8 54. Kd6) 1-0

[Event "Reggio Emilia 41th"]
[Site "Reggio Emilia "]
[Date "1998.12.28"]
[Round "1"]
[White "Lputian, Smbat G"]
[Black "Komarov, Dimitri"]
[Result "0-1"]
[WhiteElo "2615"]
[BlackElo "2570"]
[Annotator "Atlas,V"]
[PlyCount "122"]
[EventDate "1998.12.28"]
[EventType "tourn"]
[EventRounds "9"]
[EventCountry "ITA"]
[EventCategory "8"]
[SourceTitle "CBM 069"]
[Source "ChessBase"]
[SourceDate "1999.04.01"]
[SourceVersion "1"]
[SourceVersionDate "1999.04.01"]
[SourceQuality "1"]

1. d4 Nf6 2. c4 e6 3. Nf3 b6 4. a3 Bb7 5. Nc3 d5 6. cxd5 Nxd5 7. Bd2 Nd7 8.
Nxd5 exd5 (8... Bxd5 9. Qc2 c5 10. e4 Bb7 11. d5 $1 {1/2-1/2 Anand,V-Almasi,Z/
Dortmund 1998/CBM 66 (30)}) 9. g3 Bd6 10. Bg5 Be7 11. Bxe7 Qxe7 12. Rc1 c5 13.
dxc5 bxc5 14. Bh3 Nb6 15. Qc2 {Trying to Immediately capitalize on the
weakness of hanging pawns.} (15. b4 cxb4 16. Qd4 O-O 17. Qxb4 Qxb4+ 18. axb4 a5
19. bxa5 Rxa5 20. O-O Ba6 21. Nd4 Bc4 22. Rb1 Ra6 23. Rb4 g6 24. Rc1 Rfa8 25.
Bf1 {1/2-1/2 Krasenkow,M-Gelfand,B/Polanica Zdroj 1998/CBM 67 noVC (25)}) 15...
Bc8 $1 (15... Nc4 {doesn't resolve Black's problems. Both 16.Qa4+ and 16.0-0
with the idea 17. b3 lead to a difficult position for Black.}) 16. Bg2 Ba6 17.
O-O Rc8 18. Bh3 Rc7 19. b4 {Gaining a control over d4-square. However, an
activity of Black's pieces makes it hard for White to obtain a real advantange.
} Bc4 (19... Nc4 $2 20. Qa4+ $18) 20. bxc5 Qxc5 (20... Rxc5 21. Nd4 $14) 21.
Qc3 O-O 22. Nd4 Na4 23. Qa1 {White cannot leave a pawn at a3 unprotected.} g6 {
Preventing 24.Nf5 f6 25.Nd4 going to transfer the knight to e6.} 24. Rb1 Qe7
25. Rfc1 Re8 26. Rb4 Nc5 27. Qb2 Qf6 28. Bg2 $2 {Overlooking Black's threat.} (
{Playing} 28. Rb8 Qe7 (28... Rce7 $2 29. Nf5 $1 $18) 29. Rb1 {White would
preserve a small edge due to a superior pawn structure.}) 28... Na6 $1 $19 {
[%csl Re2] groping the joint in White's armour. The rook is to leave b-file
from where it protects White's queen.} 29. Ra4 (29. Nf3 Qd6 30. Ra4 Rxe2 31.
Qd4 Bb5 $17) 29... Rxe2 $1 {Winning a queen.} 30. Qxe2 Bxe2 31. Rxc7 Nxc7 32.
Nxe2 Qa1+ 33. Bf1 Nb5 34. Kg2 Nxa3 35. Nf4 Qb2 36. Nxd5 Qb7 37. Rxa3 Qxd5+ {
White is lost here.} 38. Kg1 a5 39. Ra4 Kg7 40. h4 Qc5 41. Rf4 Qc2 42. Bc4 f5
43. Rd4 Kf6 44. Bg8 Qc1+ 45. Kg2 Qc8 46. Bb3 Qc6+ 47. Kg1 Ke5 48. Ra4 Qb5 49.
Bc2 Kd6 50. Rf4 Qb2 51. Ba4 Kc5 52. Kg2 Qb7+ 53. Kh2 Qd5 54. Bc2 Qa2 55. Ba4
Qb1 56. Be8 Qd3 57. Kg2 Kd6 58. Ba4 h6 {After g6-g5 White's rook would have to
leave 4-th rank all the same.} 59. Rf3 (59. Be8 g5 60. hxg5 hxg5 61. Ra4 Qe2
62. Bg6 Qb5) 59... Qe4 60. Bd1 a4 61. Kf1 Qxf3 $1 0-1